2025 Walt Whitman High School Soccer Roster - Statistics

General Stats
  • This quiz has been taken 7 times
  • The average score is 19 of 27
Answer Stats
# Year Pos. Answer % Correct
12 Sr ST Alex Abu
100%
4 Jr CB Alex Watkins
100%
1 Jr GK Elad Nahoom
100%
8 Sr ST Endric Lotsch
100%
2 Jr LW Jake Lehir
100%
00 So GK Jayson Ladd
100%
15 So CB John Kimball
100%
9 Jr RB/LW Nathaniel Segal
100%
3 Sr CB Noah Bloom
100%
11 Sr RW Pablo Kobeh
100%
13 Jr CM Ryan Moore
100%
0 Jr GK Ziggy Powell
100%
6 Sr ST Elias Huang-Essakali
67%
10 Sr CM Ignacio Aguilar
67%
7 Sr CM Junno Cavallo
67%
21 Jr LB Lucas Bloomberg
67%
20 Jr CM Mateo Puchol
67%
26 Jr CM Max Bitko
67%
5 So RB Nuri Huang-Essakali
67%
14 Jr ST/LW Yinuo Chen
67%
23 Jr CM Callum Niyangoda
33%
16 Jr CM Jake Kaplan
33%
18 Jr CM Julian Reveiz
33%
25 Fr LB Kamal Burr
33%
19 Jr CB Max Burchell
33%
17 Sr CB Vitaly Sokolov
33%
24 Jr CM Mateo Gastelumendi
0%
No matching quizzes found
Score Distribution
Percent of People with Each Score
Percentile by Number Answered
Your Score History
You have not taken this quiz